Providing hospital services : (Record no. 941)

MARC details
000 -LEADER
fixed length control field 00941fam a2200289 a 4500
005 - DATE AND TIME OF LATEST TRANSACTION
control field 20260322212040.0
008 - FIXED-LENGTH DATA ELEMENTS--GENERAL INFORMATION
fixed length control field data
010 ## - LIBRARY OF CONGRESS CONTROL NUMBER
LC control number 89001855
020 ## - INTERNATIONAL STANDARD BOOK NUMBER
International Standard Book Number 0801838150 (alk. paper)
020 ## - INTERNATIONAL STANDARD BOOK NUMBER
International Standard Book Number 9780801838156 (alk. paper)
040 ## - CATALOGING SOURCE
Original cataloging agency DLC
Transcribing agency DLC
Modifying agency DLC
043 ## - GEOGRAPHIC AREA CODE
Geographic area code n-us---
050 00 - LIBRARY OF CONGRESS CALL NUMBER
Classification number RA971.3
Item number .P78 1989
096 ## - LOCALLY ASSIGNED NLM-TYPE CALL NUMBER (OCLC)
Classification number WX 157 A23p 1989
001 - CONTROL NUMBER
control field data
245 10 - TITLE STATEMENT
Title Providing hospital services :
Remainder of title the changing financial environment /
Statement of responsibility, etc. Gerard F. Anderson.
260 0# - PUBLICATION, DISTRIBUTION, ETC.
Place of publication, distribution, etc. Baltimore :
Name of publisher, distributor, etc. Johns Hopkins University Press,
Date of publication, distribution, etc. c1989.
300 ## - PHYSICAL DESCRIPTION
Extent xi, 230 p. :
Other physical details ill. ;
Dimensions 24 cm.
440 #0 - SERIES STATEMENT/ADDED ENTRY--TITLE
Title Johns Hopkins studies in health care finance and administration ;
Volume/sequential designation 2
500 ## - GENERAL NOTE
General note Includes index.
504 ## - BIBLIOGRAPHY, ETC. NOTE
Bibliography, etc. note Bibliography: p. 205-217.
590 ## - LOCAL NOTE (RLIN)
Local note Bibliography: p. 205-217.
590 ## - LOCAL NOTE (RLIN)
Local note Includes index.
650 #0 - SUBJECT ADDED ENTRY--TOPICAL TERM
Topical term or geographic name entry element Hospitals
Geographic subdivision United States
General subdivision Finance.
650 #0 - SUBJECT ADDED ENTRY--TOPICAL TERM
Topical term or geographic name entry element Hospitals
General subdivision Protective payment.
700 1# - ADDED ENTRY--PERSONAL NAME
Personal name Anderson, Gerard F.,
Dates associated with a name 1951-
Holdings
Withdrawn status Lost status Damaged status Not for loan Home library Current library Shelving location Date acquired Total checkouts Full call number Barcode Date last seen Price effective from Koha item type
        Midway Midway General stacks 22/03/2026   RA971.3 .P78 1989 BC0010973 22/03/2026 22/03/2026 Books